Automatizace časopis pro praxi a teorii

Enregistré dans:
Détails bibliographiques
Format: Publication en série
Langue:tchèque
Publié: Praha Státní nakladatelství technické literatury 1992
Sujets:
Tags: Ajouter un tag
Pas de tags, Soyez le premier à ajouter un tag!

MARC

LEADER 00000nas2a2200000 4500
001 s016197
005 20180801112545.6
022 |a 0005-125X 
041 0 |a cze 
044 |a CZ 
245 1 0 |a Automatizace  |b časopis pro praxi a teorii 
264 1 |a Praha  |b Státní nakladatelství technické literatury  |c 1992 
300 |a 2 zv. 
773 0 |w eu_un_cat*s120087 
610 2 0 |a systémy riadenia automatizované 
610 2 0 |a priemysel